00719nam a2200193 i 450000100060000000300090000600500170001500700030003200800410003502000180007610000340009424501220012826000370025030000300028771000360031785200330035399900170038695201220040393539ES-MaACL20230906181244.0t|050413s1984 sp ||||1| spa d a84-600-2762-21 aLópez Alvarez, Juan.97339410aFederico de Castro y Fernández (1834-1903) b: filósofo e historiador de la filosofía / cJuan López Alvarez. aCádiz : bUniversidad, c1984. a187 p. : bil. ; c20 cm.2 aUniversidad de Cádiz.9171718 aES-MaACLjL-11356 bR.110681 c93539d93539 00104070aATENEOMbATENEOMcDEPO2d2008-01-17eSCl0oL-11356p1097681r2023-02-23 00:00:00w2023-02-23yMONOGRAFIA